| 000 | 00735na a2200265 4500 | ||
|---|---|---|---|
| 001 | 12761 | ||
| 003 | MIRAKIL | ||
| 005 | 20181213154753.0 | ||
| 008 | 160927b tu 000 0 | ||
| 035 | _a12761 | ||
| 040 |
_aMilas _btur _cTR-AnCHP |
||
| 082 |
_a297.5 _bÇ27k [t.y.] |
||
| 090 | _a297.5 Ç27k [t.y.] | ||
| 100 | _aÇataklı, Osman N. | ||
| 245 |
_aKademeleri, vasıfları ve tedavisi ile nefs _cOsman N. Çataklı, Ahmet Şahin |
||
| 246 | _aNefs | ||
| 260 |
_aİstanbul _bGonca Yayınevi _c[t.y.] |
||
| 300 |
_a176 s. _c19 sm. |
||
| 650 |
_aİslam dini _xBenlik |
||
| 650 |
_aİslam dini _xGünahlar |
||
| 650 |
_aİslam dini _xKusurlar |
||
| 650 |
_aİslam _xNefs |
||
| 700 | _aŞahin, Ahmet | ||
| 942 |
_2ddc _cBKS |
||
| 999 |
_c559 _d559 |
||